Порівняння контекстної реалізації лексико-семантичного поля "побут" у творах Дж.Лондона та Дж.Голсуорсі (Запис № 283987)
[ простий вигляд ]
| 000 -LEADER | |
|---|---|
| fixed length control field | 01864nam a22001577a 4500 |
| 041 ## - LANGUAGE CODE | |
| Language code of text/sound track or separate title | ukr |
| 080 ## - UNIVERSAL DECIMAL CLASSIFICATION NUMBER | |
| Universal Decimal Classification number | 09 |
| 090 ## - LOCALLY ASSIGNED LC-TYPE CALL NUMBER (OCLC); LOCAL CALL NUMBER (OCLC) | |
| Local cutter number (OCLC) ; Book number/undivided call number, CALL (RLIN) | ЗАС |
| 100 ## - MAIN ENTRY--PERSONAL NAME | |
| Personal name | Заслонкіна Н.В. |
| 245 ## - TITLE STATEMENT | |
| Title | Порівняння контекстної реалізації лексико-семантичного поля "побут" у творах Дж.Лондона та Дж.Голсуорсі |
| 260 ## - PUBLICATION, DISTRIBUTION, ETC. (IMPRINT) | |
| Place of publication, distribution, etc | Острог |
| Name of publisher, distributor, etc | КАФ |
| Date of publication, distribution, etc | 2007 |
| 300 ## - PHYSICAL DESCRIPTION | |
| Extent | 73 |
| 520 ## - SUMMARY, ETC. | |
| Summary, etc | Вступ.<br/>Розділ 1. Поняття "семантичне поле" та його особливості.<br/>1.1. Визначення "семантичного поля" та його характерних властивостей.<br/>1.2. Ієрархічна будова поля.<br/>1.3. Найпоширеніші типи семантичних полів.<br/>Розділ 2. Лексичний корпус семантичного поля "побут".<br/>2.1. Побут як соціальна категорія.<br/>2.2. Семантичне підполе іменників, які позначають предмети побуту.<br/>2.2.1. Семантичний аналіз підкласу предметних іменників.<br/>2.2.2. Семантичний обєм підкласу матеріальних іменників.<br/>2.3. Номінативні одиниці для позначення предметів повсякденного вжитку.<br/>Розділ 3. Порівняння контекстної реалізації лексико-семантичного поля "побут" у творах Д.Голсуорсі "Сага про Форсайтів" та Д.Лондона "Мартін Іден" та "Північні оповідання".<br/>Висновки. |
| -- | семантичне поле, побут, семантика |
| 650 ## - SUBJECT ADDED ENTRY--TOPICAL TERM | |
| Topical term or geographic name as entry element | Research Papers |
| 942 ## - ADDED ENTRY ELEMENTS (KOHA) | |
| Koha item type | Книги |
| Withdrawn status | Lost status | Source of classification or shelving scheme | Damaged status | Not for loan | Home library | Current library | Date acquired | Source of acquisition | Cost, normal purchase price | Total Checkouts | Full call number | Barcode | Date last seen | Price effective from | Koha item type |
|---|---|---|---|---|---|---|---|---|---|---|---|---|---|---|---|
| Universal Decimal Classification | ВІЛ - Відділ іноземн. літератури НБ | ВІЛ - Відділ іноземн. літератури НБ | 16/04/2009 | Акт №1 | 1.00 | 09 | 213542 | 20/12/2021 | 16/04/2009 | Книги |